[Event "Titled Tuesday intern op 12th Mar Early"]
[Site "Chess.com INT"]
[Date "2024.03.12"]
[Round "1"]
[White "Liu, Eric"]
[Black "Daneshvar, Bardiya"]
[Result "1-0"]
[WhiteElo "2388"]
[BlackElo "2597"]
[PlyCount "91"]
[EventDate "2024.03.12"]
[EventType "swiss (blitz)"]
[EventRounds "11"]
[EventCountry "USA"]
[SourceTitle "CB12_2024"]
[SourceDate "2023.10.01"]
[SourceVersion "1"]
[SourceVersionDate "2023.10.01"]
[SourceQuality "1"]

1. Nf3 d6 2. d4 b6 3. g3 Bb7 4. Bg2 g6 5. 0-0 Bg7 6. c4 Nf6 7. Nc3 Ne4 8. Nxe4 Bxe4 9. Ne1 Bxg2 10. Nxg2 0-0 11. e4 c5 12. d5 Nd7 13. Rb1 b5 14. cxb5 Qb6 15. a4 a6 16. bxa6 Rxa6 17. Ne3 Rfa8 18. Nc4 Qb7 19. a5 Ne5 20. Nxe5 Bxe5 21. Bd2 Qb5 22. Qc2 Bd4 23. b3 Qe2 24. Rbe1 Qf3 25. Qc4 h5 26. b4 h4 27. Qe2 Qa3 28. b5 Rxa5 29. Bxa5 Rxa5 30. Kg2 Ra4 31. b6 Rb4 32. Rb1 Bb2 33. Qe3 Qa6 34. Rfd1 Qxb6 35. Qe2 c4 36. Rd2 c3 37. Rc2 Qd4 38. f3 Kg7 39. Rd1 Qe5 40. Qe3 f5 41. Qg5 hxg3 42. hxg3 fxe4 43. Qxe5+ dxe5 44. Re1 exf3+ 45. Kxf3 Kf6 46. Ke3 1-0

[Event "Titled Tuesday intern op 12th Mar Early"]
[Site "Chess.com INT"]
[Date "2024.03.12"]
[Round "6"]
[White "Liu, Eric"]
[Black "Plat, Vojtech"]
[Result "0-1"]
[WhiteElo "2388"]
[BlackElo "2528"]
[PlyCount "118"]
[EventDate "2024.03.12"]
[EventType "swiss (blitz)"]
[EventRounds "11"]
[EventCountry "USA"]
[SourceTitle "CB12_2024"]
[SourceDate "2023.10.01"]
[SourceVersion "1"]
[SourceVersionDate "2023.10.01"]
[SourceQuality "1"]

1. Nf3 d6 2. d4 Nf6 3. g3 Bf5 4. c4 c6 5. Nc3 h6 6. Bg2 Nbd7 7. 0-0 e5 8. d5 cxd5 9. cxd5 Be7 10. b3 Ne4 11. Bb2 Nxc3 12. Bxc3 0-0 13. Rc1 Nc5 14. Nd2 Rc8 15. b4 Nd7 16. e4 Bh7 17. f4 exf4 18. gxf4 Qb6+ 19. Kh1 Qe3 20. Rf3 Qb6 21. Rg3 Bf6 22. Bxf6 Nxf6 23. e5 Nh5 24. Rf3 Qd4 25. Nb3 Qxb4 26. Rxc8 Rxc8 27. e6 Be4 28. exf7+ Kf8 29. Rf1 Nxf4 30. Bf3 Rc3 31. Nd2 Bxf3+ 32. Rxf3 Rxf3 33. Nxf3 Qe4 34. Kg1 Nxd5 35. Kf2 Qe3+ 36. Kg3 Qf4+ 37. Kf2 Nf6 38. Qb3 Ne4+ 39. Ke2 Nc5 40. Qb5 Kxf7 41. Nd2 Qxh2+ 42. Kd1 Qh1+ 43. Kc2 Qc6 44. Qf1+ Kg8 45. Kd1 Ne4 46. Nb3 Qd5+ 47. Kc2 Nf6 48. Qg1 a5 49. Qa7 Qc4+ 50. Kb2 a4 51. Nd2 Qd3 52. Nb1 Qb5+ 53. Kc1 h5 54. Qb8+ Kh7 55. Qa7 h4 56. Qf2 Qg5+ 57. Kd1 h3 58. Nd2 Qh5+ 59. Ke1 h2 0-1

[Event "Titled Tuesday intern op 12th Mar Early"]
[Site "Chess.com INT"]
[Date "2024.03.12"]
[Round "8"]
[White "Liu, Eric"]
[Black "Wagh, Suyog"]
[Result "0-1"]
[WhiteElo "2388"]
[BlackElo "2250"]
[PlyCount "149"]
[EventDate "2024.03.12"]
[EventType "swiss (blitz)"]
[EventRounds "11"]
[EventCountry "USA"]
[SourceTitle "CB12_2024"]
[SourceDate "2023.10.01"]
[SourceVersion "1"]
[SourceVersionDate "2023.10.01"]
[SourceQuality "1"]

1. b3 d5 2. Bb2 Bf5 3. Nf3 e6 4. e3 Nf6 5. Be2 h6 6. 0-0 c6 7. c4 Nbd7 8. Nc3 Bd6 9. a3 a5 10. Re1 0-0 11. Bf1 Re8 12. d3 Bh7 13. e4 dxe4 14. dxe4 Qc7 15. g3 Rad8 16. Qe2 e5 17. Nd2 Bc5 18. Na4 Ba7 19. b4 axb4 20. axb4 Nf8 21. c5 Ne6 22. f3 b6 23. cxb6 Bxb6+ 24. Nxb6 Qxb6+ 25. Kh1 Qxb4 26. Nc4 Nd4 27. Bxd4 Rxd4 28. Reb1 Qe7 29. Na5 Qd6 30. Nc4 Qc7 31. Qb2 Nxe4 32. fxe4 Bxe4+ 33. Kg1 Bxb1 34. Rxb1 h5 35. Ne3 h4 36. Nf5 Rdd8 37. Nxh4 Rb8 38. Qc2 Rxb1 39. Qxb1 e4 40. Nf5 Qe5 41. Ne3 Rb8 42. Qc2 Qd4 43. Qf2 Rb2 44. Be2 g6 45. Nd1 Rd2 46. Qxd4 Rxd4 47. Kf2 f5 48. Ke3 Ra4 49. Nc3 Rb4 50. h4 Kg7 51. Bd1 Kf6 52. Ne2 Rb1 53. Bc2 Ra1 54. Kd4 Ra3 55. Bb1 c5+ 56. Kxc5 Rb3 57. Ba2 Rb2 58. Nc3 Rg2 59. Bd5 Rxg3 60. Kd4 Rd3+ 61. Kc4 Ke5 62. Bf7 Rd4+ 63. Kb3 Rd6 64. Nb5 Rf6 65. Bc4 f4 66. Kc3 f3 67. Kd2 Kf4 68. Nc3 e3+ 69. Ke1 Rd6 70. Nd5+ Ke4 71. Nb4 Rd4 72. Bd3+ Rxd3 73. Nxd3 Kxd3 74. Kd1 f2 75. Kc1 0-1

[Event "Titled Tuesday intern op 12th Mar Early"]
[Site "Chess.com INT"]
[Date "2024.03.12"]
[Round "10"]
[White "Samaganova, Alexandra"]
[Black "Liu, Eric"]
[Result "0-1"]
[WhiteElo "1915"]
[BlackElo "2388"]
[PlyCount "110"]
[EventDate "2024.03.12"]
[EventType "swiss (blitz)"]
[EventRounds "11"]
[EventCountry "USA"]
[SourceTitle "CB12_2024"]
[SourceDate "2023.10.01"]
[SourceVersion "1"]
[SourceVersionDate "2023.10.01"]
[SourceQuality "1"]

1. c4 b6 2. Nc3 Bb7 3. Nf3 Nf6 4. e3 g6 5. d4 Bg7 6. Be2 0-0 7. 0-0 Ne4 8. Nxe4 Bxe4 9. Nd2 Bb7 10. Bf3 Qc8 11. Bxb7 Qxb7 12. Nf3 d6 13. b3 Nd7 14. Bb2 e6 15. h4 f5 16. h5 Nf6 17. hxg6 hxg6 18. Ng5 Rfe8 19. f4 Ne4 20. Qf3 d5 21. Nxe4 dxe4 22. Qg3 Kf7 23. Kf2 c5 24. Rfd1 Rad8 25. Ke2 b5 26. Rac1 cxd4 27. exd4 bxc4 28. Rxc4 Rc8 29. Rdc1 Rxc4 30. Rxc4 Rc8 31. Qc3 Rxc4 32. Qxc4 e3 33. Kxe3 Qxg2 34. Qc7+ Kg8 35. Qd8+ Kh7 36. Qh4+ Bh6 37. Qe7+ Kh8 38. d5+ Qxb2 39. Qe8+ Kh7 40. dxe6 Qc3+ 41. Ke2 Qc2+ 42. Ke3 Qe4+ 43. Kd2 Bxf4+ 44. Kc3 Be5+ 45. Kd2 Qd4+ 46. Ke2 Bf6 47. Qf7+ Kh6 48. Qf8+ Kg5 49. Qc8 Qe4+ 50. Kd2 Qd5+ 51. Ke2 f4 52. b4 f3+ 53. Kf1 Qd1+ 54. Kf2 Qe2+ 55. Kg3 Qg2# 0-1

[Event "Titled Tuesday intern op 27th Feb Late"]
[Site "Chess.com INT"]
[Date "2024.02.27"]
[Round "11"]
[White "Liu, Eric"]
[Black "Hernandez Ojeda, Garry Anatholy"]
[Result "0-1"]
[WhiteElo "2358"]
[BlackElo "2047"]
[PlyCount "122"]
[EventDate "2024.02.27"]
[EventType "swiss (blitz)"]
[EventRounds "11"]
[EventCountry "USA"]
[SourceTitle "CB10_2024"]
[SourceDate "2024.03.06"]
[SourceVersion "1"]
[SourceVersionDate "2024.03.06"]
[SourceQuality "1"]

1. Nf3 Nf6 2. b3 g6 3. Bb2 Bg7 4. e3 0-0 5. Be2 d6 6. d4 c6 7. 0-0 a5 8. a4 Bf5 9. c4 Na6 10. Nc3 Ne4 11. Nd2 Nxc3 12. Bxc3 c5 13. Nf3 Nb4 14. Qd2 Qc7 15. Rac1 Rad8 16. d5 e5 17. Nh4 Bc8 18. f4 Qe7 19. g3 exf4 20. Bxg7 Kxg7 21. Qb2+ f6 22. exf4 Bh3 23. Rfe1 Qe3+ 24. Kh1 Qf2 25. Qc3 Na2 26. Qf3 Qxf3+ 27. Bxf3 Nxc1 28. Rxc1 Rde8 29. Ng2 h5 30. Kg1 Re7 31. Ne1 Rfe8 32. Nc2 Bg4 33. Bxg4 hxg4 34. Kf1 Re2 35. Ne1 Rxh2 36. Kg1 Rb2 37. Ng2 Ree2 38. Nh4 Re3 39. f5 Rxg3+ 40. Kf1 Rh3 41. Kg1 Rxh4 42. Re1 g3 43. fxg6 Rhh2 44. Re7+ Kxg6 45. Re1 Rbg2+ 46. Kf1 Rh1+ 47. Kxg2 Rxe1 48. b4 axb4 49. Kxg3 Ra1 50. Kf2 Rxa4 51. Kf3 Ra3+ 52. Ke4 Rc3 53. Kf4 Rxc4+ 54. Ke3 Rd4 55. Ke2 b3 56. Ke3 b2 57. Kf3 b1Q 58. Ke3 Qe4+ 59. Kf2 Rd2+ 60. Kg3 Rg2+ 61. Kh3 Qg4# 0-1

[Event "Titled Tuesday intern op 27th Feb Late"]
[Site "Chess.com INT"]
[Date "2024.02.27"]
[Round "3"]
[White "Liu, Eric"]
[Black "Rose, Felix"]
[Result "0-1"]
[WhiteElo "2358"]
[BlackElo "2091"]
[PlyCount "76"]
[EventDate "2024.02.27"]
[EventType "swiss (blitz)"]
[EventRounds "11"]
[EventCountry "USA"]
[SourceTitle "CB10_2024"]
[SourceDate "2024.03.06"]
[SourceVersion "1"]
[SourceVersionDate "2024.03.06"]
[SourceQuality "1"]

1. e4 e5 2. Nf3 Nc6 3. Nc3 Nf6 4. d3 d5 5. exd5 Nxd5 6. g3 Be6 7. Bg2 f6 8. 0-0 Qd7 9. a3 0-0-0 10. Bd2 g5 11. b4 h5 12. h4 Nxc3 13. Bxc3 Bg4 14. hxg5 h4 15. gxh4 fxg5 16. b5 Nd4 17. Bxd4 exd4 18. Ne5 Bxd1 19. Nxd7 Bxc2 20. Nc5 Bxc5 21. Rfc1 Bxd3 22. Rxc5 gxh4 23. Rac1 Rh7 24. Kh2 h3 25. Bxh3+ Kb8 26. Kg3 Rg8+ 27. Bg4 Be2 28. f3 d3 29. Rd5 Rf7 30. Kf2 c6 31. bxc6 bxc6 32. Rd4 Rgf8 33. Rxc6 Bxf3 34. Bxf3 Rxf3+ 35. Ke1 Re8+ 36. Kd2 Re2+ 37. Kc3 Rc2+ 38. Kb3 Rxc6 0-1

[Event "Titled Tuesday intern op 13th Feb Late"]
[Site "Chess.com INT"]
[Date "2024.02.13"]
[Round "5"]
[White "Mesa Cruz, Juan Carlos"]
[Black "Liu, Eric"]
[Result "0-1"]
[WhiteElo "2126"]
[BlackElo "2358"]
[PlyCount "106"]
[EventDate "2024.02.13"]
[EventType "swiss (blitz)"]
[EventRounds "11"]
[EventCountry "USA"]
[SourceTitle "CB08_2024"]
[SourceDate "2024.02.21"]
[SourceVersion "1"]
[SourceVersionDate "2024.02.21"]
[SourceQuality "1"]

1. e4 b6 2. d4 Bb7 3. Bd3 e6 4. Nf3 Nf6 5. Nc3 Bb4 6. Nd2 c5 7. e5 cxd4 8. Nb5 Nd5 9. a3 Be7 10. Ne4 0-0 11. Qh5 g6 12. Qh6 f5 13. Ng5 Bxg5 14. Bxg5 Ne7 15. h4 Bxg2 16. Rg1 Bf3 17. Rg3 Bh5 18. Bf6 Rf7 19. Nd6 Qf8 20. Nxf7 Kxf7 21. Qxh7+ Ke8 22. Be2 Bxe2 23. Kxe2 Nbc6 24. h5 d3+ 25. cxd3 f4 26. Rg4 gxh5 27. Rg7 f3+ 28. Kd2 Kd8 29. Rag1 Kc7 30. Rf7 Qc8 31. Bxe7 Nxe5 32. Rfg7 Qa6 33. Bb4 Qb5 34. Bc3 Ng4 35. Qe4 Nxf2 36. Qxf3 Rf8 37. Qg3+ Kb7 38. Rg5 Qc6 39. Re5 h4 40. Qg2 d5 41. Re3 h3 42. Qg7+ Ka6 43. Re2 Rf3 44. Qd4 Rxd3+ 45. Qxd3+ Nxd3 46. Kxd3 Qc4+ 47. Kd2 Qc5 48. Rg3 d4 49. Bb4 Qh5 50. Rh2 Qh6+ 51. Kc2 d3+ 52. Kxd3 Qh7+ 53. Kc3 Qc7+ 0-1

[Event "Titled Tuesday intern op 06th Feb Late"]
[Site "Chess.com INT"]
[Date "2024.02.06"]
[Round "9"]
[White "Liu, Eric"]
[Black "Annaberdiev, Meilis"]
[Result "1-0"]
[WhiteElo "2358"]
[BlackElo "2467"]
[PlyCount "121"]
[EventDate "2024.02.06"]
[EventType "swiss (blitz)"]
[EventRounds "11"]
[EventCountry "USA"]
[SourceTitle "CB07_2024"]
[SourceDate "2024.02.14"]
[SourceVersion "1"]
[SourceVersionDate "2024.02.14"]
[SourceQuality "1"]

1. Nf3 d5 2. b3 Bg4 3. e3 Nd7 4. d4 Ngf6 5. Bb2 e6 6. c4 Ne4 7. a3 c6 8. Be2 Bd6 9. Nbd2 0-0 10. Nxe4 dxe4 11. Nd2 Bxe2 12. Qxe2 f5 13. f3 exf3 14. Nxf3 Nf6 15. Nd2 Qe7 16. e4 fxe4 17. Nxe4 Nxe4 18. Qxe4 Qg5 19. Bc1 Qf5 20. Qxf5 exf5 21. 0-0 Rae8 22. Bf4 Bxf4 23. Rxf4 Re3 24. Rf3 Rxf3 25. gxf3 Rd8 26. Rd1 Kf7 27. Kf2 Kf6 28. b4 b5 29. cxb5 cxb5 30. Ke3 Rc8 31. Kd3 Rc6 32. d5 Ra6 33. Kd4 Rxa3 34. Kc5 Rc3+ 35. Kxb5 Ke7 36. Ka6 Kd6 37. Kxa7 Rxf3 38. b5 Ra3+ 39. Kb7 f4 40. b6 f3 41. Kb8 Rb3 42. b7 g5 43. h3 h5 44. Rg1 f2 45. Rf1 Rb2 46. Kc8 Rc2+ 47. Kd8 Rb2 48. Rxf2 Rxb7 49. Rf6+ Ke5 50. Rh6 h4 51. d6 Kf4 52. Kc8 Ra7 53. d7 Kg3 54. Rb6 Rxd7 55. Rb3+ Kf4 56. Kxd7 g4 57. Rb4+ Kg3 58. hxg4 h3 59. g5 h2 60. Rb1 Kg2 61. g6 1-0

[Event "Titled Tuesday intern op 06th Feb Late"]
[Site "Chess.com INT"]
[Date "2024.02.06"]
[Round "3"]
[White "Liu, Eric"]
[Black "Blackburn, Jonathan LB"]
[Result "1-0"]
[WhiteElo "2358"]
[BlackElo "2178"]
[PlyCount "57"]
[EventDate "2024.02.06"]
[EventType "swiss (blitz)"]
[EventRounds "11"]
[EventCountry "USA"]
[SourceTitle "CB07_2024"]
[SourceDate "2024.02.14"]
[SourceVersion "1"]
[SourceVersionDate "2024.02.14"]
[SourceQuality "1"]

1. Nf3 d5 2. b3 Nc6 3. Bb2 f6 4. d4 Bg4 5. e3 e5 6. dxe5 Bb4+ 7. c3 Bc5 8. Be2 Qd7 9. b4 Bb6 10. a4 a5 11. b5 Nce7 12. exf6 Nxf6 13. h3 Bxf3 14. Bxf3 0-0 15. c4 Nf5 16. 0-0 Kh8 17. cxd5 Rae8 18. Nc3 Nh4 19. Bg4 Qd6 20. Ne2 Nxg4 21. hxg4 Qg6 22. Nf4 Qg5 23. Ne6 Rxe6 24. dxe6 h5 25. e7 Qxe7 26. Qd5 hxg4 27. Qh5+ Kg8 28. Qxg4 Bc5 29. Bxg7 1-0

[Event "Titled Tuesday intern op 06th Feb Late"]
[Site "Chess.com INT"]
[Date "2024.02.06"]
[Round "7"]
[White "Saveliev, Alexei"]
[Black "Liu, Eric"]
[Result "1-0"]
[WhiteElo "2366"]
[BlackElo "2358"]
[PlyCount "65"]
[EventDate "2024.02.06"]
[EventType "swiss (blitz)"]
[EventRounds "11"]
[EventCountry "USA"]
[SourceTitle "CB07_2024"]
[SourceDate "2024.02.14"]
[SourceVersion "1"]
[SourceVersionDate "2024.02.14"]
[SourceQuality "1"]

1. c4 b6 2. Nc3 Bb7 3. d4 e6 4. a3 Nf6 5. d5 a5 6. e4 e5 7. Nf3 d6 8. Bd3 g6 9. 0-0 Na6 10. Bg5 h6 11. Bh4 g5 12. Bg3 h5 13. h4 Nh7 14. Rb1 Be7 15. hxg5 Nxg5 16. Nxg5 Bxg5 17. f4 exf4 18. Bxf4 Bxf4 19. Rxf4 Qg5 20. Qf3 0-0-0 21. b4 axb4 22. axb4 Rdg8 23. c5 dxc5 24. Bxa6 Bxa6 25. bxc5 bxc5 26. Na4 Qe5 27. Nxc5 Qd4+ 28. Qf2 Qxf2+ 29. Kxf2 Bc4 30. Rb4 Bxd5 31. exd5 Rg5 32. Ra4 c6 33. Rxf7 1-0

[Event "Titled Tuesday intern op 23rd Jan Late"]
[Site "Chess.com INT"]
[Date "2024.01.23"]
[Round "7"]
[White "Gubajdullin, Alexey"]
[Black "Liu, Eric"]
[Result "1/2-1/2"]
[WhiteElo "2253"]
[BlackElo "2332"]
[PlyCount "64"]
[EventDate "2024.01.23"]
[EventType "swiss (blitz)"]
[EventRounds "11"]
[EventCountry "USA"]
[SourceTitle "CB05_2024"]
[SourceDate "2024.01.31"]
[SourceVersion "1"]
[SourceVersionDate "2024.01.31"]
[SourceQuality "1"]

1. e4 e6 2. Qe2 c5 3. Nf3 Nc6 4. g3 g6 5. Bg2 Bg7 6. 0-0 Nge7 7. c3 0-0 8. d4 cxd4 9. cxd4 Nxd4 10. Nxd4 Bxd4 11. Bh6 Bg7 12. Bxg7 Kxg7 13. Nc3 a6 14. Rfd1 b5 15. e5 Ra7 16. Ne4 Bb7 17. Qe3 Qb8 18. Rxd7 Nf5 19. Qb6 Qxe5 20. Rxb7 Rxb7 21. Qxb7 Qxb2 22. Rd1 Qxa2 23. Ng5 h6 24. Bd5 Qe2 25. Nxe6+ Kg8 26. Nxf8 Qxd1+ 27. Kg2 Ne3+ 28. fxe3 Qe2+ 29. Kg1 Qe1+ 30. Kg2 Qe2+ 31. Kg1 Qe1+ 32. Kg2 Qe2+ 1/2-1/2

[Event "Titled Tuesday intern op 23rd Jan Late"]
[Site "Chess.com INT"]
[Date "2024.01.23"]
[Round "3"]
[White "Svicevic, Rastko"]
[Black "Liu, Eric"]
[Result "0-1"]
[WhiteElo "2121"]
[BlackElo "2332"]
[PlyCount "82"]
[EventDate "2024.01.23"]
[EventType "swiss (blitz)"]
[EventRounds "11"]
[EventCountry "USA"]
[SourceTitle "CB05_2024"]
[SourceDate "2024.01.31"]
[SourceVersion "1"]
[SourceVersionDate "2024.01.31"]
[SourceQuality "1"]

1. d4 e6 2. e4 d5 3. exd5 exd5 4. Nf3 Bd6 5. c4 dxc4 6. Bxc4 Ne7 7. h3 h6 8. 0-0 a6 9. Re1 b5 10. Bb3 0-0 11. a4 Bb7 12. axb5 axb5 13. Rxa8 Bxa8 14. Nc3 b4 15. Ne4 Bd5 16. Nxd6 Qxd6 17. Bxd5 Nxd5 18. Nd2 Nc6 19. Nc4 Qg6 20. Qf3 Rd8 21. Be3 Qc2 22. Rc1 Qd3 23. Qd1 Qg6 24. Qc2 Qe6 25. Qb3 Nf6 26. Nd2 Nd5 27. Nc4 Ra8 28. Ne5 Nxe5 29. dxe5 Qxe5 30. Rc5 Ra1+ 31. Rc1 Rxc1+ 32. Bxc1 c6 33. Bd2 c5 34. Qc4 Nb6 35. Qb5 Qd6 36. Qe8+ Kh7 37. Qe4+ g6 38. Qe8 Qd7 39. Qe3 Nc4 40. Qxh6+ Kg8 41. Bg5 Qd6 0-1

[Event "Sunnyvale 1000 GM Winter 01"]
[Site "Sunnyvale"]
[Date "2024.01.06"]
[Round "8"]
[White "Mosquera Klinger, Miguel Alonso"]
[Black "Liu, Eric"]
[Result "0-1"]
[WhiteElo "2365"]
[BlackElo "2332"]
[PlyCount "88"]
[EventDate "2024.01.02"]
[EventType "schev"]
[EventRounds "9"]
[EventCountry "USA"]
[SourceTitle "CB02_2024"]
[SourceDate "2024.01.10"]
[SourceVersion "1"]
[SourceVersionDate "2024.01.10"]
[SourceQuality "1"]

1. e4 c5 2. Nf3 d6 3. d4 cxd4 4. Qxd4 a6 5. Bg5 Nd7 6. Nc3 Ngf6 7. Nd5 e6 8. Nxf6+ Nxf6 9. 0-0-0 Be7 10. Kb1 b5 11. Bxf6 gxf6 12. g3 Rb8 13. Qe3 Qb6 14. Nd4 Qc5 15. Bg2 Bd7 16. Rhe1 a5 17. Rd2 a4 18. Red1 b4 19. Nf5 Qxe3 20. Nxe3 Bb5 21. Rd4 0-0 22. Bf1 Bxf1 23. Rxf1 Rfc8 24. Rfd1 Kg7 25. b3 axb3 26. cxb3 Rc3 27. Rc4 Rxc4 28. Nxc4 Rd8 29. Ne3 f5 30. exf5 d5 31. fxe6 fxe6 32. f4 Kf6 33. Re1 h5 34. Nc2 Bc5 35. Re2 h4 36. Ne1 hxg3 37. hxg3 Rg8 38. Nd3 Bd4 39. Rg2 Kf5 40. Kc2 Ke4 41. Re2+ Be3 42. Nxb4 d4 43. g4 d3+ 44. Nxd3 Rc8+ 0-1

[Event "North American op 33rd"]
[Site "Las Vegas"]
[Date "2023.12.30"]
[Round "9"]
[White "Liu, Eric"]
[Black "Antipov, Mikhail Al"]
[Result "1/2-1/2"]
[WhiteElo "2332"]
[BlackElo "2607"]
[PlyCount "78"]
[EventDate "2023.12.26"]
[EventType "swiss"]
[EventRounds "9"]
[EventCountry "USA"]
[SourceTitle "CB01_2024"]
[SourceDate "2024.01.03"]
[SourceVersion "1"]
[SourceVersionDate "2024.01.03"]
[SourceQuality "1"]

1. e4 c5 2. Nf3 d6 3. d4 cxd4 4. Nxd4 Nf6 5. Nc3 a6 6. f3 e5 7. Nb3 Be6 8. Be3 h5 9. Nd5 Bxd5 10. exd5 Nbd7 11. Qd2 Qc7 12. 0-0-0 Be7 13. c4 a5 14. Kb1 0-0 15. Na1 a4 16. Nc2 a3 17. b3 Rfc8 18. Rc1 Nc5 19. Be2 Nfd7 20. Rhg1 Bf6 21. g4 e4 22. Nd4 exf3 23. Bxf3 Ne5 24. g5 Nxf3 25. Nxf3 Bb2 26. Rc2 Qe7 27. Bxc5 Rxc5 28. g6 fxg6 29. Ng5 Bf6 30. Ne6 g5 31. Qe2 Re8 32. Qxh5 b5 33. Nxg5 Bxg5 34. Qxg5 Qxg5 35. Rxg5 Re1+ 36. Rc1 Rxc1+ 37. Kxc1 bxc4 38. Kc2 Rb5 39. bxc4 Rb2+ 1/2-1/2

[Event "North American op 33rd"]
[Site "Las Vegas"]
[Date "2023.12.27"]
[Round "3"]
[White "Balakrishnan, Praveen"]
[Black "Liu, Eric"]
[Result "1-0"]
[WhiteElo "2505"]
[BlackElo "2332"]
[PlyCount "159"]
[EventDate "2023.12.26"]
[EventType "swiss"]
[EventRounds "9"]
[EventCountry "USA"]
[SourceTitle "CB01_2024"]
[SourceDate "2024.01.03"]
[SourceVersion "1"]
[SourceVersionDate "2024.01.03"]
[SourceQuality "1"]

1. d4 Nf6 2. c4 d6 3. Nc3 e5 4. Nf3 Nbd7 5. e4 g6 6. Be2 Bg7 7. 0-0 0-0 8. Be3 c6 9. d5 c5 10. Kh1 Kh8 11. Qc2 Nh5 12. g3 b6 13. Ng1 Ndf6 14. Bg5 h6 15. Bd2 Re8 16. Rae1 a6 17. a3 Kh7 18. b4 Bh8 19. Bd3 Ng8 20. Rb1 Ng7 21. bxc5 bxc5 22. Na4 Ne7 23. Rb6 a5 24. Rfb1 f5 25. Rb8 Rxb8 26. Rxb8 fxe4 27. Bxe4 Qc7 28. Rb2 Rf8 29. f3 Ngf5 30. Qc3 Bd7 31. Nb6 a4 32. Nxd7 Qxd7 33. Ne2 Nd4 34. Nxd4 exd4 35. Qd3 Rg8 36. Qb1 Bf6 37. Kg2 Rg7 38. Rb7 Qd8 39. Ra7 Qe8 40. g4 Ng8 41. Qb6 Be5 42. Bd3 Re7 43. Rxe7+ Qxe7 44. Qc6 Kh8 45. f4 Bg7 46. Qxa4 g5 47. fxg5 hxg5 48. Qd1 Nh6 49. Qf3 Nf7 50. Qf5 Kg8 51. a4 Qb7 52. Bxg5 Qb2+ 53. Kh3 Nxg5+ 54. Qxg5 Qf2 55. Qd8+ Bf8 56. Qg5+ Bg7 57. Qd8+ Bf8 58. Qh4 Qe3+ 59. Qg3 Qh6+ 60. Kg2 Qd2+ 61. Kf1 Bh6 62. g5 Bxg5 63. h4 Qd1+ 64. Kg2 Qd2+ 65. Kh3 Kh8 66. hxg5 Qd1 67. Qh4+ Kg8 68. Qh7+ Kf8 69. Qh6+ Kf7 70. Qg6+ Ke7 71. Qe6+ Kd8 72. Qxd6+ Kc8 73. Qxc5+ Kb7 74. Qe7+ Kb6 75. Qe2 Qh1+ 76. Kg4 Qg1+ 77. Kf5 Ka5 78. d6 Qh1 79. Kg6 Qh8 80. Qe6 1-0

[Event "Sunnyvale Silicon Valley Fall op"]
[Site "Sunnyvale"]
[Date "2023.09.04"]
[Round "9"]
[White "Liu, Eric"]
[Black "Doknjas, Neil"]
[Result "1/2-1/2"]
[WhiteElo "2319"]
[BlackElo "2219"]
[PlyCount "71"]
[EventDate "2023.08.31"]
[EventType "swiss"]
[EventRounds "9"]
[EventCountry "USA"]
[SourceTitle "EXT 2024"]
[Source "ChessBase"]
[SourceDate "2023.10.10"]
[SourceVersion "1"]
[SourceVersionDate "2023.10.10"]
[SourceQuality "1"]

1. e4 c6 2. d4 d5 3. Nc3 dxe4 4. Nxe4 Nf6 5. Nxf6+ exf6 6. c3 Bd6 7. Bd3 0-0 8. Qc2 Re8+ 9. Ne2 h5 10. 0-0 h4 11. h3 Nd7 12. Bd2 Nf8 13. Rae1 g6 14. b3 Ne6 15. Bxg6 fxg6 16. Qxg6+ Ng7 17. Bh6 Re7 18. Qxf6 Qc7 19. Qxh4 Bf5 20. Ng3 Rae8 21. Rxe7 Bxe7 22. Bg5 Bxg5 23. Qxg5 Qe7 24. Qf4 Bh7 25. Rd1 Rf8 26. Qd2 Ne6 27. Re1 Qf7 28. Nf1 Nf4 29. Re3 Kh8 30. Rg3 Rg8 31. Rxg8+ Kxg8 32. Qe3 Bd3 33. Nh2 Ne2+ 34. Kh1 Qf4 35. Qe8+ Kg7 36. Qe7+ 1/2-1/2

[Event "Arad op 16th"]
[Site "Arad"]
[Date "2023.08.10"]
[Round "5"]
[White "Akshit, Kumar J"]
[Black "Liu, Eric"]
[Result "1/2-1/2"]
[WhiteElo "2169"]
[BlackElo "2367"]
[PlyCount "134"]
[EventDate "2023.08.07"]
[EventType "swiss"]
[EventRounds "9"]
[EventCountry "ROU"]
[SourceTitle "EXT 2024"]
[Source "ChessBase"]
[SourceDate "2023.10.10"]
[SourceVersion "1"]
[SourceVersionDate "2023.10.10"]
[SourceQuality "1"]

1. e4 c5 2. Nf3 d6 3. d4 cxd4 4. Nxd4 Nf6 5. Nc3 a6 6. h3 e5 7. Nb3 Be7 8. Be3 h6 9. Rg1 Be6 10. g4 Nbd7 11. Qf3 Rc8 12. 0-0-0 Qc7 13. h4 g6 14. Kb1 b5 15. g5 hxg5 16. hxg5 Nh5 17. Rc1 Nb6 18. Bh3 Rb8 19. Bxe6 fxe6 20. Qg4 Qc8 21. Bxb6 Rxb6 22. Nd5 Rb8 23. Nf6+ Nxf6 24. gxf6 Bxf6 25. Qxg6+ Ke7 26. Rh1 Qg8 27. Rxh8 Qxg6 28. Rxb8 Qxe4 29. Rg1 Qd5 30. Rgg8 e4 31. Ra8 e5 32. Rae8+ Kd7 33. Ref8 e3 34. fxe3 Qh1+ 35. Nc1 Qh7 36. Ra8 Ke6 37. Rg1 Qe4 38. Rxa6 Qxe3 39. Rd1 Be7 40. Ra3 Qe4 41. Rb3 Qc4 42. Nd3 d5 43. Re1 e4 44. Nf4+ Kd6 45. Rd1 d4 46. c3 d3 47. Rb4 Qc6 48. Rd4+ Ke5 49. Nxd3+ exd3 50. R4xd3 Qe4 51. Kc2 Ke6 52. a3 Bg5 53. Kb1 Bf6 54. Ka2 Qc4+ 55. Ka1 Qe4 56. Rd6+ Ke7 57. R6d5 Qe2 58. R5d2 Qe4 59. Rf2 Qe3 60. Rfd2 Ke6 61. Rd3 Qe2 62. R1d2 Qe1+ 63. Ka2 Qe4 64. Rd6+ Ke7 65. R6d3 Ke6 66. Rd6+ Ke7 67. R6d4 Qc6 1/2-1/2

[Event "Budapest SixDays 08 GM-B"]
[Site "Budapest"]
[Date "2023.08.05"]
[Round "9"]
[White "Liu, Eric"]
[Black "Levine, Joseph1111"]
[Result "1-0"]
[WhiteElo "2367"]
[BlackElo "2371"]
[PlyCount "111"]
[EventDate "2023.07.31"]
[EventType "tourn"]
[EventRounds "9"]
[EventCountry "HUN"]
[EventCategory "6"]
[SourceTitle "CBM 215 Extra"]
[Source "ChessBase"]
[SourceDate "2023.09.30"]
[SourceVersion "1"]
[SourceVersionDate "2023.09.30"]
[SourceQuality "1"]

1. e4 e6 2. d4 d5 3. e5 c5 4. c3 Nc6 5. Nf3 Qb6 6. a3 c4 7. Nbd2 f6 8. Be2 a5 9. a4 fxe5 10. dxe5 Bc5 11. 0-0 Nh6 12. b3 Ng4 13. Qe1 cxb3 14. Bb5 0-0 15. h3 Ncxe5 16. hxg4 Nxg4 17. Ba3 b2 18. Bxc5 Qxc5 19. Ra2 Qxc3 20. Qb1 e5 21. Qxb2 Qc7 22. Rc1 Qd6 23. Qa3 Qh6 24. Nf1 Be6 25. N3h2 Nxh2 26. Nxh2 Rf5 27. Qe3 Qh5 28. Rac2 Raf8 29. Be2 Qe8 30. Bg4 Rf4 31. Bxe6+ Qxe6 32. Nf3 Qf5 33. Qc5 e4 34. Nh2 Qe5 35. Rd2 R4f5 36. Rcd1 Qe8 37. Rxd5 Qxa4 38. Rf1 b6 39. Qxb6 Rxd5 40. Qe6+ Kh8 41. Qxd5 Qb4 42. Ng4 h6 43. Ne5 Rf6 44. Rc1 Kh7 45. Rc8 Rf8 46. Rxf8 Qxf8 47. Qxe4+ Kg8 48. Qd5+ Kh7 49. Qxa5 Qf5 50. Qe1 h5 51. Nf3 Kh6 52. Qe3+ g5 53. Qe5 Kg6 54. Qe8+ Kf6 55. Qh8+ Ke7 56. Qg7+ 1-0

[Event "Budapest SixDays 08 GM-B"]
[Site "Budapest"]
[Date "2023.08.04"]
[Round "8"]
[White "Plat, Vojtech"]
[Black "Liu, Eric"]
[Result "1-0"]
[WhiteElo "2486"]
[BlackElo "2367"]
[PlyCount "67"]
[EventDate "2023.07.31"]
[EventType "tourn"]
[EventRounds "9"]
[EventCountry "HUN"]
[EventCategory "6"]
[SourceTitle "CBM 215 Extra"]
[Source "ChessBase"]
[SourceDate "2023.09.30"]
[SourceVersion "1"]
[SourceVersionDate "2023.09.30"]
[SourceQuality "1"]

1. e4 c5 2. Nf3 d6 3. c3 Nf6 4. Be2 g6 5. 0-0 Bg7 6. Bb5+ Nc6 7. e5 dxe5 8. Nxe5 Qd5 9. Re1 0-0 10. Nxc6 bxc6 11. Be2 Nd7 12. Na3 Nb6 13. Bf3 Qd6 14. d3 Bf5 15. Nc4 Qxd3 16. Qxd3 Bxd3 17. Ne5 Bxe5 18. Rxe5 c4 19. Bxc6 Rac8 20. Bf3 Rfe8 21. Ra5 e5 22. Rxa7 e4 23. Bd1 Ra8 24. Rxa8 Rxa8 25. a4 Ra5 26. Be3 Nd7 27. Bd4 Nc5 28. Bxc5 Rxc5 29. a5 Rc7 30. Ba4 Kf8 31. a6 e3 32. fxe3 Be4 33. Bd1 Ra7 34. Be2 1-0